Информатика. Ч. 2. Основы алгоритмизации и программирования: учебное пособие

Detalles Bibliográficos
Autor Corporativo: Национальный исследовательский Томский политехнический университет
Outros autores: Крылова Л. М. Лариса Михайловна, Зимин В. П. Вячеслав Прокопьевич, Рыбалка С. А. Сергей Анатольевич, Шкатова Г. И. Галина Ивановна
Summary:Пособие содержит изложение основ алгоритмизации типовых вычислительных задач и основ программирования на алгоритмическом языке Turbo Pascal и в среде MathCAD. Подготовлено на кафедре прикладной математики и предназначено для студентов ИДО, обучающихся по специальностям 140205 "Электроэнергетические системы и сети", 140211 "Электроснабжение", 140101 "Тепловые электрические станции", 140104 "Промышленная теплоэнергетика", 140404 "Атомные электрические станции и установки", 140601 "Электромеханика" и 280202 "Инженерная защита окружающей среды (в энергетике)". Пособие имеет практическую направленность, что делает его общедоступным для студентов, не имеющих специальной подготовки в области алгоритмизации и программирования.
Idioma:ruso
Publicado: Томск, Изд-во ТПУ, 2011
Edición:2-е изд., испр. и доп.
Subjects:
Formato: MixedMaterials Libro
KOHA link:https://koha.lib.tpu.ru/cgi-bin/koha/opac-detail.pl?biblionumber=203746

MARC

LEADER 00000nam0a2200000 4500
001 203746
005 20260409134812.0
035 |a (RuTPU)RU\TPU\book\222037 
035 |a RU\TPU\book\212680 
090 |a 203746 
100 |a 20111111d2011 m y0rusy50 ca 
101 0 |a rus 
102 |a RU 
105 |a a j 001zy 
200 1 |a Информатика. Ч. 2. Основы алгоритмизации и программирования  |e учебное пособие  |f Л. М. Крылова, В. П. Зимин, С. А. Рыбалка, Г. И. Шкатова  |g Национальный исследовательский Томский политехнический университет (ТПУ), Институт дистанционного образования (ИДО) 
205 |a 2-е изд., испр. и доп. 
210 |a Томск  |c Изд-во ТПУ  |d 2011 
215 |a 216 с.  |c ил. 
320 |a Библиогр.: с. 211. 
330 |a Пособие содержит изложение основ алгоритмизации типовых вычислительных задач и основ программирования на алгоритмическом языке Turbo Pascal и в среде MathCAD. Подготовлено на кафедре прикладной математики и предназначено для студентов ИДО, обучающихся по специальностям 140205 "Электроэнергетические системы и сети", 140211 "Электроснабжение", 140101 "Тепловые электрические станции", 140104 "Промышленная теплоэнергетика", 140404 "Атомные электрические станции и установки", 140601 "Электромеханика" и 280202 "Инженерная защита окружающей среды (в энергетике)". Пособие имеет практическую направленность, что делает его общедоступным для студентов, не имеющих специальной подготовки в области алгоритмизации и программирования. 
606 1 |a Информатика  |2 stltpush  |3 (RuTPU)RU\TPU\subj\36202 
610 1 |a программирование 
610 1 |a алгоритмические языки 
610 1 |a языки программирования 
610 1 |a программы 
610 1 |a структура 
610 1 |a данные 
610 1 |a типология 
610 1 |a циклические алгоритмы 
610 1 |a массивы 
610 1 |a элементы 
610 1 |a обработка 
610 1 |a символьные данные 
610 1 |a строковые данные 
610 1 |a Turbo Pascal 
610 1 |a C++ 
610 1 |a учебные пособия 
610 1 |a труды учёных ТПУ 
610 1 |a информация 
675 |a 004(075.8)  |v 3 
701 1 |a Крылова  |b Л. М.  |c заместитель начальника Учебного отдела Томского политехнического университета  |g Лариса Михайловна  |9 13627 
701 1 |a Зимин  |b В. П.  |c специалист в области информатики и вычислительной техники  |c доцент Томского политехнического университета, кандидат технических наук  |f 1955-  |g Вячеслав Прокопьевич  |9 11336 
701 1 |a Рыбалка  |b С. А.  |c специалист в области информатики и вычислительной техники  |c доцент Томского политехнического университета, кандидат технических наук  |f 1961-  |g Сергей Анатольевич  |9 12398 
701 1 |a Шкатова  |b Г. И.  |c специалист в области прикладной математики  |c доцент Томского политехнического университета, кандидат технических наук  |f 1945-  |g Галина Ивановна  |9 11357 
712 0 2 |a Национальный исследовательский Томский политехнический университет  |c (2009- )  |9 26305 
801 1 |a RU  |b 63413507  |c 20110428 
801 2 |a RU  |b 63413507  |c 20150617  |g RCR 
850 |a 63413507 
942 |c BK